Statistiques concernant Top 15 des pays avec les décès de Covid-19 - 8 décembre 2021

Cliquez ici pour prendre le quiz!

Statistiques générales

  • Ce quiz a été pris 19 fois
  • Le résultat moyen est 13 sur 27

Statistiques - réponses

pays% Correct
Etats-Unis
100%
France
100%
Brésil
89%
Italie
89%
Mexique
89%
Royaume-Uni
89%
Allemagne
83%
Argentine
83%
Russie
78%
Inde
72%
Colombie
67%
Iran
67%
Indonésie
56%
Afrique du Sud
50%
Pérou
44%
Slovénie
22%
Croatie
17%
Slovaquie
17%
Tchèquie
17%
Bosnie-Herzégovine
11%
Bulgarie
11%
Géorgie
11%
Hongrie
11%
Macédoine du Nord
11%
Roumanie
11%
Lituanie
6%
Arménie
0%

Distribution des résultats

Percentile par nombre de réponses

% des personnes avec chaque résultat

Votre développement - résultats

Vous n’avez pas pris ce quiz